Leasing (Registro nro. 7358)
[ vista simple ]
| 000 -LEADER | |
|---|---|
| fixed length control field | 00980 a2200205 4500 |
| 001 - CONTROL NUMBER | |
| control field | 61682 |
| 005 - DATE AND TIME OF LATEST TRANSACTION | |
| control field | 20260407155907.0 |
| 008 - FIXED-LENGTH DATA ELEMENTS--GENERAL INFORMATION | |
| fixed length control field | 260407a1978 arg spa d |
| 003 - CONTROL NUMBER IDENTIFIER | |
| control field | AR-UNSa-BCEJYS |
| 040 ## - CATALOGING SOURCE | |
| Original cataloging agency | AR-UNSa-BCEJYS |
| Language of cataloging | spa |
| Transcribing agency | AR-UNSa-BCEJYS |
| 080 ## - UNIVERSAL DECIMAL CLASSIFICATION NUMBER | |
| Universal Decimal Classification number | 347.74 |
| Common auxiliary subdivision | Contratos mercantiles (comerciales...leasing)) |
| 041 ## - LANGUAGE CODE | |
| Language code of text/sound track or separate title | spa |
| 100 1# - MAIN ENTRY--PERSONAL NAME | |
| Personal name | Barreira Delfino, Eduardo A. |
| 245 10 - TITLE STATEMENT | |
| Title | Leasing |
| Name of part/section of a work | Aspectos jurídicos, contables, impositivos y operativos |
| 264 #1 - PRODUCTION, PUBLICATION, DISTRIBUTION, MANUFACTURE, AND COPYRIGHT NOTICE | |
| Place of production, publication, distribution, manufacture | Buenos Aires : |
| Name of producer, publisher, distributor, manufacturer | Cangallo |
| Date of production, publication, distribution, manufacture, or copyright notice | 1978 |
| 300 ## - PHYSICAL DESCRIPTION | |
| Extent | 349 p. |
| Dimensions | 23 cm. |
| 505 ## - FORMATTED CONTENTS NOTE | |
| Formatted contents note | 1. Nociones introductorias – 2. Análisis de la institución – 3. Nuestro ordenamiento legal – 4. Preliminares de la operación – 5. Iniciación y terminación de la operación – 6. Consideraciones jurídicas – 7. Régimen de la contabilización – 8. Tratamiento impositivo – 9. Modelos de contratos y papeles de trabajo – 10. Legislación comparada. |
| 590 ## - LOCAL NOTE (RLIN) | |
| Local note | niveau_biblio:m niveau_hierar:0 |
| 942 ## - ADDED ENTRY ELEMENTS (KOHA) | |
| Koha item type | |
| Withdrawn status | Lost status | Damaged status | Not for loan | Home library | Current library | Shelving location | Date acquired | Total checkouts | Full call number | Barcode | Date last seen | Price effective from | Koha item type |
|---|---|---|---|---|---|---|---|---|---|---|---|---|---|
| Biblioteca Prof. Eusebio Cleto del Rey | Biblioteca Prof. Eusebio Cleto del Rey | 07/04/2026 | 347.74 B271 | L33832 | 07/04/2026 | 07/04/2026 | Libro |